Elenca la formazione - Finale Europei 2008 - Statistics

Statistiche generali
  • Questo quiz è stato fatto 90 volte
  • Il punteggio medio è 13 su 22
Statistiche sulle risposte
Ruolo Club dell'epoca Calciatore % Corretto
Portiere Real Madrid Iker Casillas
99%
Attaccante Liverpool Fernando Torres
95%
Centrocampista Barcellona Andrés Iniesta
93%
Difensore Barcellona Carles Puyol
93%
Difensore Real Madrid Sergio Ramos
93%
Centrocampista Barcellona Xavi
93%
Centrocampista Arsenal Cesc Fàbregas
83%
Portiere Arsenal Jens Lehmann
78%
Attaccante Bayern Monaco Miroslav Klose
78%
Difensore Bayern Monaco Philipp Lahm
75%
Trequartista Chelsea Michael Ballack
67%
Difensore Villarreal Joan Capdevila
66%
Centrocampista Valencia David Silva
46%
Mediano Villarreal Marcos Senna
46%
Ala Bayern Monaco Bastian Schweinsteiger
43%
Ala Bayern Monaco Lukas Podolski
42%
Difensore Werder Brema Per Mertesacker
33%
Centrocampista Werder Brema Torsten Frings
26%
Difensore Valencia Carlos Marchena
22%
Difensore Borussia Dortmund Christoph Metzelder
21%
Difensore Hertha Berlino Arne Friedrich
16%
Centrocampista Stoccarda Thomas Hitzlsperger
11%
Nessun quiz corrispondente trovato
Distribuzione punteggi
Percentuale di utenti per punteggio
Percentile per numero di risposta
I tuoi punteggi nel tempo
Non hai fatto questo quiz